| 000 | 00418nam a2200145Ia 4500 | ||
|---|---|---|---|
| 008 | 230711s9999||||xx |||||||||||||| ||und|| | ||
| 041 | _aENG | ||
| 082 |
_a4 _bCH-M |
||
| 100 | _aChatterjee,R | ||
| 245 | 0 | _aMicrowave and millimetre wave submillimeter wave vacum electric | |
| 250 | _a1st Ed. | ||
| 260 |
_c1999 _aNew Delhi _bAffiliated East-West Press Private Limited |
||
| 650 | _aElectronics Engineering | ||
| 942 | _cBK | ||
| 999 |
_c3721 _d3721 |
||